00241 a2200121 4500001000700000020000600007040001100013100002200024240002300046245001800069362000900087440002300096175639 a  cMagnum aColasanti, Marina10aA nova mulherlpor10aA nova mulher0 a1899 1aCírculo do Livro